Análisis de proyectos agroindustriales (Registro nro. 6643)

Detalles MARC
000 -LEADER
fixed length control field 00775 a2200205 4500
001 - CONTROL NUMBER
control field 59308
005 - DATE AND TIME OF LATEST TRANSACTION
control field 20260407155847.0
008 - FIXED-LENGTH DATA ELEMENTS--GENERAL INFORMATION
fixed length control field 260407a1987 arg spa d
003 - CONTROL NUMBER IDENTIFIER
control field AR-UNSa-BCEJYS
040 ## - CATALOGING SOURCE
Original cataloging agency AR-UNSa-BCEJYS
Language of cataloging spa
Transcribing agency AR-UNSa-BCEJYS
080 ## - UNIVERSAL DECIMAL CLASSIFICATION NUMBER
Universal Decimal Classification number 631.15
Common auxiliary subdivision Producción de la explotación agrícola. Gestión de la explotación agrícola. Administración de la explotación agrícola
020 ## - INTERNATIONAL STANDARD BOOK NUMBER
International Standard Book Number 84-309-1082-4
100 1# - MAIN ENTRY--PERSONAL NAME
Personal name Austin, James
245 10 - TITLE STATEMENT
Title Análisis de proyectos agroindustriales
264 #1 - PRODUCTION, PUBLICATION, DISTRIBUTION, MANUFACTURE, AND COPYRIGHT NOTICE
Place of production, publication, distribution, manufacture Madrid :
Name of producer, publisher, distributor, manufacturer Tecnos
Date of production, publication, distribution, manufacture, or copyright notice 1987
300 ## - PHYSICAL DESCRIPTION
Extent 202 p.
Dimensions 23 cm.
505 ## - FORMATTED CONTENTS NOTE
Formatted contents note 1. Visión global – 2. El factor de comercialización – 3. El factor de adquisición – 4. El factor de elaboración
590 ## - LOCAL NOTE (RLIN)
Local note niveau_biblio:m niveau_hierar:0
942 ## - ADDED ENTRY ELEMENTS (KOHA)
Koha item type
Existencias
Withdrawn status Lost status Damaged status Not for loan Home library Current library Shelving location Date acquired Total checkouts Full call number Barcode Date last seen Price effective from Koha item type
        Biblioteca Prof. Eusebio Cleto del Rey Biblioteca Prof. Eusebio Cleto del Rey   07/04/2026   631.15 A932 L53967 07/04/2026 07/04/2026 Libro